000 00416nam a2200193Ia 4500
001 13028
003 GE_BSU
008 181216s||||||||xx |||||||||||||| ||und||
040 _cGE_BSU
080 _a821.111-32
100 _aCookson,Catherine.
245 4 _aThe Cinder Path.
260 _aLondon.
260 _bCorgi Books.
260 _c1978
300 _a271p;18cm.
653 _aThe Cinder Path.
942 _cBK
999 _c46195
_d46195